Retablo estelar del Apóstol (Record no. 146324)

MARC details
000 -LEADER
campo de control de longitud fija 00720nam a2200205 4500
001 - NÚMERO DE CONTROL
campo de control 146324
003 - IDENTIFICADOR DE NÚMERO DE CONTROL
campo de control ES-MaACL
005 - FECHA Y HORA DE LA ÚLTIMA TRANSACCIÓN
campo de control 20230906201508.0
007 - CAMPO FIJO DE DESCRIPCIÓN FÍSICA--INFORMACIÓN GENERAL
campo de control de longitud fija t|
008 - DATOS DE LONGITUD FIJA--INFORMACIÓN GENERAL
campo de control de longitud fija 070906s1971 sp ||||1| spa d
080 ## - NÚMERO DE LA CLASIFICACIÓN DECIMAL UNIVERSAL
Número de la Clasificación Decimal Universal 394:248.153.8(461.11)
080 ## - NÚMERO DE LA CLASIFICACIÓN DECIMAL UNIVERSAL
Número de la Clasificación Decimal Universal 914.4+914.6 Camino de Santiago
100 1# - ENTRADA PRINCIPAL--NOMBRE DE PERSONA
Nombre de persona Torroba Bernaldo de Quirós, Felipe.
9 (RLIN) 111053
245 10 - MENCIÓN DEL TÍTULO
Título Retablo estelar del Apóstol
Resto del título : El Camino de Santiago /
Mención de responsabilidad, etc. Felipe Torroba Bernaldo de Quirós.
260 ## - PUBLICACIÓN, DISTRIBUCIÓN, ETC.
Lugar de publicación, distribución, etc. Madrid :
Nombre del editor, distribuidor, etc. Apostolado de la Prensa,
Fecha de publicación, distribución, etc. 1971.
300 ## - DESCRIPCIÓN FÍSICA
Extensión 416 p. :
Otras características físicas il. ;
Dimensiones 17 cm.
650 #4 - PUNTO DE ACCESO ADICIONAL DE MATERIA--TÉRMINO DE MATERIA
Término de materia o nombre geográfico como elemento de entrada Peregrinaciones cristianas-
Subdivisión geográfica Santiago de Compostela.
9 (RLIN) 15937
651 #4 - PUNTO DE ACCESO ADICIONAL DE MATERIA--NOMBRE GEOGRÁFICO
Nombre geográfico Camino de Santiago-
Subdivisión general Descripción.
9 (RLIN) 7931
852 4# - LOCALIZACIÓN
Ubicación ES-MaACL
Número de control de estantería C-48205
Holdings
Estatus retirado Estado de pérdida Estado de daño No para préstamo Biblioteca de origen Biblioteca actual Ubicación en estantería Fecha de adquisición Fuente de adquisición Total de préstamos Signatura topográfica completa Código de barras Visto por última vez Precio de reemplazo Tipo de ítem Koha
        Biblioteca del Ateneo de Madrid Biblioteca del Ateneo de Madrid Depósito 2 17/01/2008     C-48205 1152725 23/02/2023 23/02/2023 Libro impreso